| 000 | 01058cam a22002055a 4500 | ||
|---|---|---|---|
| 001 | L156270 | ||
| 008 | 120510s1860 xxk f 000 0 eng d | ||
| 035 | _a(Sirsi) u156270 | ||
| 041 | 0 | _aeng | |
| 100 | 1 |
_aNewlands, James _d1813-1871 |
|
| 245 | 0 | 4 |
_aThe carpenter and joiner's assistant _bbeing a comprehensive treatise on the selection, preparation, and strength of materials and the mechanical principles of framing, with their application in carpentry, joinery, and hand-railing; also, a course of instruction in practical geometry, geometrical lines, drawing, projection, and perspective; and an illustrated glossary of terms used in architecture and building |
| 260 |
_aGlasgow _aEdinburgh _aLondon _bBlackie and Son _c1860 |
||
| 300 |
_axiii, 291 p., 111 leaves of plates _bill. _c35 cm. |
||
| 300 |
_a2 v. _bill. _c35 cm. |
||
| 520 | _aLibrary holds two copies: 1 in 2 vols; 1 in 1 vol. | ||
| 583 | 0 |
_aCondition reviewed _c20120620 _lcondition level 2 (x3) |
|
| 651 | 4 |
_aGreat Britain _y1707- |
|
| 690 | _aBuilding materials and defects | ||
| 942 | _n0 | ||
| 999 |
_c114141 _d114141 |
||